[Event "XI Weekend B"]
[Site "Porto Sant'Elpidio ITA"]
[Date "2008.11.23"]
[Round "2"]
[White "Marinucci, Johnny"]
[Black "Scibe', Michele"]
[Result "1-0"]
[WhiteElo "1746"]
[BlackElo "1485"]
[PlyCount "85"]
[EventDate "2008.11.22"]

1. d4 d5 2. Bf4 Nf6 3. e3 Nc6 4. c3 Bf5 5. Nd2 g6 6. h3 Bg7 7. Ngf3 h5 8. Bb5
Bd7 9. Bd3 Qc8 10. Nh4 Nd8 11. Qe2 Ne6 12. Be5 Ng5 13. f3 c5 14. Rc1 c4 15. Bb1
b5 16. e4 Qc6 17. Bxf6 Bxf6 18. e5 Bg7 19. f4 Ne6 20. O-O Bh6 21. g3 Rg8 22.
Ng2 Ng7 23. h4 Bf5 24. Ne3 Bxb1 25. Rxb1 Qe6 26. Qf3 Rd8 27. b3 Nf5 28. Kh2
Nxe3 29. Qxe3 Qc6 30. bxc4 bxc4 31. Rb2 e6 32. Rfb1 Kf8 33. Nf3 Kg7 34. Qe2 Rd7
35. Qc2 Kh7 36. Rb5 Rc8 37. a4 Rcc7 38. Qb2 a6 39. Rb4 a5 40. Rb5 Qa6 41. Ne1
Ra7 42. Nc2 Bf8 43. Rb6 1-0

[Event "XI Weekend B"]
[Site "Porto Sant'Elpidio ITA"]
[Date "2008.11.23"]
[Round "3"]
[White "Acciaioli, Fabio"]
[Black "Cutrona, Giuseppe"]
[Result "1-0"]
[WhiteElo "1765"]
[BlackElo "1533"]
[PlyCount "43"]
[EventDate "2008.11.22"]

1. e4 e5 2. Nf3 Nc6 3. Bb5 a6 4. Ba4 Nf6 5. O-O b5 6. Bb3 Be7 7. Re1 O-O 8. a4
Bb7 9. c3 Re8 10. d3 h6 11. Be3 d5 12. axb5 axb5 13. Rxa8 Bxa8 14. exd5 Nxd5
15. Qe2 Nxe3 16. Qxe3 Bd6 17. Nbd2 Re7 18. Ne4 Kh8 19. Nh4 Qd7 20. Nf6 gxf6 21.
Qxh6+ Kg8 22. Ng6 1-0

[Event "XI Weekend B"]
[Site "Porto Sant'Elpidio ITA"]
[Date "2008.11.23"]
[Round "3"]
[White "Ciarloni, Giuseppe"]
[Black "Binci, Luca"]
[Result "0-1"]
[WhiteElo "1488"]
[BlackElo "1645"]
[PlyCount "90"]
[EventDate "2008.11.22"]

1. e4 c5 2. Nf3 d6 3. Bc4 Nf6 4. Nc3 a6 5. h3 e6 6. O-O b5 7. Be2 Bb7 8. d3 Be7
9. Re1 Nbd7 10. Be3 O-O 11. b3 Qc7 12. Qd2 d5 13. exd5 exd5 14. d4 Ne4 15. Nxe4
dxe4 16. Nh2 Bd6 17. Nf1 f5 18. dxc5 Nxc5 19. b4 Ne6 20. Bd4 Nxd4 21. Qxd4 Be5
22. Qe3 Bxa1 23. Qb3+ Kh8 24. Rxa1 Rad8 25. a4 Bd5 26. Qb2 Qb6 27. axb5 axb5
28. Ne3 Bc6 29. Qe5 Qd4 30. Qxd4 Rxd4 31. c3 Rd2 32. Kf1 f4 33. Ng4 f3 34. gxf3
exf3 35. Bd1 h5 36. Ne5 Rf6 37. Nxc6 Rxc6 38. Bxf3 Rf6 39. Ra8+ Kh7 40. Be4+
Kh6 41. f3 Rb2 42. h4 g6 43. Rb8 Ra6 44. Ra8 Rxa8 45. Bxa8 Rc2 0-1

[Event "XI Weekend B"]
[Site "Porto Sant'Elpidio ITA"]
[Date "2008.11.23"]
[Round "3"]
[White "Gasparroni, Riccardo"]
[Black "Giampieri, Stefano"]
[Result "1-0"]
[WhiteElo "1663"]
[BlackElo "1557"]
[PlyCount "117"]
[EventDate "2008.11.22"]

1. e4 e5 2. Nf3 Nc6 3. Bb5 a6 4. Ba4 Nf6 5. O-O b5 6. Bb3 Bc5 7. Nxe5 Nxe5 8.
d4 Bxd4 9. Qxd4 Nc6 10. Qc5 Qe7 11. Qxe7+ Kxe7 12. Nc3 Re8 13. Bg5 Kf8 14. Bxf6
gxf6 15. Nd5 Rxe4 16. Nxc7 Ra7 17. Nd5 Kg7 18. Rfe1 Re5 19. f4 Re6 20. Nb6
Rxe1+ 21. Rxe1 Rc7 22. c3 Na5 23. Bd5 Bb7 24. Bxb7 Rxb7 25. Nd5 Nc4 26. b3 Nb6
27. Nxb6 Rxb6 28. Rd1 Rb7 29. Kf2 Rc7 30. Rd3 Kf8 31. Ke3 Ke7 32. Kd2 Rc6 33.
Re3+ Re6 34. Kd3 Rxe3+ 35. Kxe3 Ke6 36. Ke4 d5+ 37. Kd4 Kd6 38. g4 h6 39. h4 f5
40. g5 h5 41. b4 Kc6 42. Ke5 a5 43. a3 a4 44. Kf6 d4 45. cxd4 Kd5 46. Kxf7 Kxd4
47. g6 Kc3 48. g7 Kb3 49. g8=Q Kxa3 50. Qf8 Kb3 51. Kg6 a3 52. Kxh5 Kb2 53.
Qxf5 a2 54. Qxb5 Kb1 55. Qf1+ Kb2 56. f5 Kb3 57. f6 Kxb4 58. f7 a1=Q 59. Qxa1
1-0

[Event "XI Weekend B"]
[Site "Porto Sant'Elpidio ITA"]
[Date "2008.11.23"]
[Round "3"]
[White "Miandro, Steven"]
[Black "Marinucci, Johnny"]
[Result "1/2-1/2"]
[WhiteElo "1605"]
[BlackElo "1746"]
[PlyCount "95"]
[EventDate "2008.11.22"]

1. d4 Nf6 2. c4 c6 3. Nf3 d5 4. cxd5 cxd5 5. Nc3 Nc6 6. Bf4 Bf5 7. e3 e6 8. Bd3
Bxd3 9. Qxd3 Bb4 10. O-O O-O 11. a3 Bxc3 12. Qxc3 Ne4 13. Qd3 Rc8 14. b4 Qe7
15. Nd2 Nxd2 16. Qxd2 Qd7 17. Rfc1 Ne7 18. Ra2 Rxc1+ 19. Qxc1 Rc8 20. Rc2 Rxc2
21. Qxc2 Qc8 22. Qc5 Qxc5 23. bxc5 f5 24. Bc7 Kf7 25. Ba5 Ke8 26. Kf1 Kd7 27.
Ke2 Nc6 28. Bd2 Nb8 29. Kd3 Kc6 30. Kc3 h5 31. h4 g6 32. g3 Nd7 33. f4 Nf6 34.
Kb4 Ne4 35. Be1 b6 36. cxb6 Kxb6 37. a4 a6 38. Kb3 Nd6 39. Kb4 Nc4 40. Bf2 Nb2
41. Kb3 Nd3 42. Bg1 Ka5 43. Ka3 Ne1 44. Bf2 Nf3 45. Kb3 Nh2 46. Be1+ Kb6 47.
Bf2 Nf1 48. Kb4 1/2-1/2

[Event "XI Weekend B"]
[Site "Porto Sant'Elpidio ITA"]
[Date "2008.11.23"]
[Round "3"]
[White "Morelli, Basilio"]
[Black "Capito', Mario"]
[Result "0-1"]
[WhiteElo "1572"]
[BlackElo "1701"]
[PlyCount "144"]
[EventDate "2008.11.22"]

1. d4 d5 2. c4 e6 3. Nc3 Nf6 4. cxd5 exd5 5. Bg5 Be7 6. Qc2 Be6 7. e3 Nbd7 8.
Bd3 h6 9. Bh4 Ng8 10. Bg3 c6 11. Nge2 Ndf6 12. h3 Bd6 13. Nf4 Ne7 14. Nxe6 fxe6
15. Bg6+ Kd7 16. Bxd6 Kxd6 17. Bd3 Rf8 18. Qb3 Qb6 19. Qa3+ Kd7 20. Na4 Qa5+
21. b4 Qc7 22. Nc5+ Kd6 23. b5 Qc8 24. Ne4+ Kd7 25. Qd6+ Ke8 26. Nc5 Kf7 27.
O-O Rd8 28. Qg3 b6 29. Nb3 c5 30. Be2 Nf5 31. Qe5 c4 32. Nd2 Qb8 33. Nf3 Nd7
34. Qxb8 Raxb8 35. g4 Nd6 36. a4 a5 37. Rac1 Rbc8 38. Rc2 Rc7 39. Rfc1 Rdc8 40.
h4 Ne4 41. Nd2 Ndf6 42. f3 Nxd2 43. Rxd2 Nd7 44. Rdc2 Kf6 45. f4 g5 46. fxg5+
hxg5 47. Rf1+ Kg6 48. h5+ Kh6 49. Rf7 Rf8 50. Rxf8 Nxf8 51. Bf3 Nd7 52. e4 Nf6
53. exd5 exd5 54. Re2 c3 55. Rc2 Rc4 56. Be2 Rc8 57. Bd3 Rc7 58. Bf5 Kg7 59.
Rc1 Ne4 60. Bxe4 dxe4 61. Kf2 Rf7+ 62. Ke3 Rf4 63. Rxc3 Rxg4 64. Rc7+ Kh6 65.
Rc6+ Kxh5 66. Rxb6 Rf4 67. Re6 Rf7 68. Rxe4 g4 69. d5 Kh4 70. Kd4 Kh3 71. d6 g3
72. Re7 g2 0-1

[Event "XI Weekend B"]
[Site "Porto Sant'Elpidio ITA"]
[Date "2008.11.23"]
[Round "3"]
[White "Ripa', Daniele"]
[Black "Balzano, Filli"]
[Result "1-0"]
[WhiteElo "1731"]
[BlackElo "1777"]
[PlyCount "120"]
[EventDate "2008.11.22"]

1. e4 c6 2. Nf3 d5 3. Nc3 dxe4 4. Nxe4 Bf5 5. Ng3 Bg6 6. Bc4 Nd7 7. d4 e6 8.
O-O Ngf6 9. Re1 Be7 10. Nh4 Qc7 11. Nxg6 hxg6 12. Qf3 O-O-O 13. Bf4 Bd6 14.
Bxd6 Qxd6 15. c3 Rh6 16. b4 Rdh8 17. h3 Nb6 18. Bf1 Qc7 19. a4 Nh5 20. Ne4 Nd5
21. b5 Nhf6 22. Nc5 g5 23. bxc6 Qxc6 24. c4 Nb4 25. Qc3 a5 26. g3 g4 27. Bg2
Qc7 28. Bxb7+ Kd8 29. h4 Nd7 30. Bg2 Nxc5 31. dxc5 Rf6 32. Rad1+ Kc8 33. Qe5
Qxe5 34. Rxe5 Rf5 35. Rxf5 exf5 36. Bd5 Rf8 37. Kf1 Kc7 38. Ke2 Na6 39. c6 Nb4
40. Kd2 Nxc6 41. Bxc6 Kxc6 42. Kc3 Re8 43. Rd5 g6 44. Kd3 Ra8 45. Kd4 f6 46. h5
gxh5 47. Rxf5 Rd8+ 48. Rd5 Re8 49. Rxh5 Re2 50. Rf5 Ra2 51. Rxf6+ Kb7 52. Rf4
Rxa4 53. Rxg4 Ra2 54. f4 a4 55. Kc3 Kb6 56. f5 Kc5 57. f6 Rf2 58. Rf4 Ra2 59.
f7 Ra3+ 60. Kb2 Rb3+ 1-0

[Event "XI Weekend B"]
[Site "Porto Sant'Elpidio ITA"]
[Date "2008.11.23"]
[Round "3"]
[White "Silvestri, Giorgio"]
[Black "Donati, Michele"]
[Result "1-0"]
[WhiteElo "1784"]
[BlackElo "1509"]
[PlyCount "71"]
[EventDate "2008.11.22"]

1. d4 d5 2. Nf3 c6 3. c4 Nf6 4. Nc3 e6 5. Bg5 Nbd7 6. e3 Qa5 7. Nd2 Bd6 8. Bd3
O-O 9. c5 Bb8 10. f4 Qc7 11. b4 a6 12. Bh4 b5 13. g4 h6 14. g5 hxg5 15. fxg5
Nh7 16. Bxh7+ Kxh7 17. Nf3 g6 18. Bg3 Qd8 19. e4 Re8 20. e5 Kg7 21. h4 Rh8 22.
Nh2 a5 23. a3 Bc7 24. O-O axb4 25. axb4 Rxa1 26. Qxa1 Bb7 27. Ng4 Qa8 28. Qc1
Rf8 29. Nh6 Qe8 30. Nd1 Bd8 31. Ne3 Be7 32. Neg4 f5 33. exf6+ Nxf6 34. gxf6+
Bxf6 35. Nxf6 Rxf6 36. Be5 1-0

[Event "XI Weekend B"]
[Site "Porto Sant'Elpidio ITA"]
[Date "2008.11.29"]
[Round "4"]
[White "Balzano, Filli"]
[Black "Ciarloni, Giuseppe"]
[Result "1-0"]
[WhiteElo "1777"]
[BlackElo "1488"]
[PlyCount "103"]
[EventDate "2008.11.22"]

1. e4 e5 2. Nf3 Nc6 3. d4 exd4 4. Nxd4 Nf6 5. Nc3 Bb4 6. Nxc6 bxc6 7. Bd3 d6 8.
O-O O-O 9. Bg5 Re8 10. Qf3 h6 11. Bxf6 Qxf6 12. Qxf6 gxf6 13. Rab1 Be6 14. a3
Ba5 15. b4 Bb6 16. Ba6 Bc8 17. Bd3 Bd4 18. Ne2 Bb6 19. Ng3 Re5 20. Kh1 a5 21.
f4 Re7 22. Nh5 Bd4 23. bxa5 Bg4 24. Ng3 Bd7 25. a6 Bc8 26. Rb3 Re8 27. Rfb1 Be6
28. Rb7 Bb6 29. Nh5 Kh8 30. a7 Rec8 31. f5 Bxf5 32. exf5 Bxa7 33. R7b3 Bd4 34.
Re1 Be5 35. c4 Rg8 36. Be4 Ra6 37. Reb1 Rg5 38. Ng3 Rg4 39. Bf3 Rg8 40. Bh5 Rg7
41. Kg1 Bxg3 42. Rxg3 Rxg3 43. hxg3 Rxa3 44. Rb8+ Kg7 45. Kh2 Rc3 46. Rc8 Rxc4
47. Rxc7 d5 48. Rxf7+ Kg8 49. Rxf6 d4 50. Rd6 c5 51. f6 Rc3 52. f7+ 1-0

[Event "XI Weekend B"]
[Site "Porto Sant'Elpidio ITA"]
[Date "2008.11.29"]
[Round "4"]
[White "Binci, Luca"]
[Black "Cutrona, Giuseppe"]
[Result "1-0"]
[WhiteElo "1645"]
[BlackElo "1533"]
[PlyCount "65"]
[EventDate "2008.11.22"]

1. d4 d5 2. c4 e6 3. Nf3 Nf6 4. Nc3 Bb4 5. Bg5 O-O 6. e3 Nc6 7. cxd5 exd5 8.
Bd3 h6 9. Bh4 Qd6 10. O-O Bxc3 11. bxc3 Bg4 12. h3 Bh5 13. Bg3 Qd7 14. c4 Rfe8
15. cxd5 Nxd5 16. Rc1 Rac8 17. Re1 Nf6 18. Bb5 a6 19. Be2 Ne4 20. Bh2 Nb4 21.
Qb3 Nc6 22. Qxb7 Na5 23. Qxa6 Ra8 24. Qd3 Nc6 25. Qc4 Ne7 26. Qxc7 Qf5 27. Qe5
Qg6 28. Nh4 f6 29. Nxg6 fxe5 30. Nxe7+ Rxe7 31. Bxh5 Rxa2 32. Bg6 Rxf2 33. Bxe4
1-0

[Event "XI Weekend B"]
[Site "Porto Sant'Elpidio ITA"]
[Date "2008.11.29"]
[Round "4"]
[White "Capito', Mario"]
[Black "Miandro, Steven"]
[Result "0-1"]
[WhiteElo "1701"]
[BlackElo "1605"]
[PlyCount "88"]
[EventDate "2008.11.22"]

1. Nf3 Nf6 2. b3 g6 3. Bb2 Bg7 4. e3 O-O 5. d4 d6 6. Nbd2 Nfd7 7. Rc1 e5 8. d5
f5 9. c4 f4 10. e4 g5 11. Be2 g4 12. Ng1 h5 13. h4 Nf6 14. c5 b6 15. cxd6 cxd6
16. Bb5 Bd7 17. Bd3 Be8 18. f3 g3 19. Ne2 Nbd7 20. Nc3 Nc5 21. Qe2 Nxd3+ 22.
Qxd3 Nd7 23. Nc4 Nc5 24. Qe2 Bf6 25. b4 Nb7 26. a4 Bxh4 27. Nb5 Bxb5 28. axb5
Kf7 29. Bxe5 Kg8 30. Nxd6 Nxd6 31. Bxd6 Qxd6 32. Rxh4 Qxb4+ 33. Kd1 Rac8 34.
Rc6 Qb1+ 35. Kd2 Qb2+ 36. Ke1 Qb1+ 37. Qd1 Qxb5 38. Qc1 Qb4+ 39. Kf1 Qb5+ 40.
Kg1 Rxc6 41. dxc6 Rc8 42. Rxf4 Rxc6 43. Qd1 Qc5+ 44. Kf1 Qf2# 0-1

[Event "XI Weekend B"]
[Site "Porto Sant'Elpidio ITA"]
[Date "2008.11.29"]
[Round "4"]
[White "Gasparroni, Riccardo"]
[Black "Acciaioli, Fabio"]
[Result "0-1"]
[WhiteElo "1663"]
[BlackElo "1765"]
[PlyCount "68"]
[EventDate "2008.11.22"]

1. e4 e5 2. Nf3 Nc6 3. Bb5 a6 4. Ba4 Nf6 5. O-O b5 6. Bb3 Be7 7. Re1 d6 8. d4
O-O 9. h3 exd4 10. Nxd4 Nxd4 11. Qxd4 c5 12. Qc3 c4 13. Bxc4 bxc4 14. Qxc4 d5
15. exd5 Qxd5 16. Qxd5 Nxd5 17. c4 Bb4 18. Rd1 Nc7 19. a3 Be7 20. Nc3 Be6 21.
Bf4 Rac8 22. Nd5 Nxd5 23. cxd5 Bd7 24. b4 Rfd8 25. Rac1 Rxc1 26. Rxc1 Rc8 27.
Rxc8+ Bxc8 28. Kf1 Bd7 29. Ke2 Bf6 30. Kd3 Bb5+ 31. Kc2 Kf8 32. g4 Ke8 33. g5
Ba4+ 34. Kd3 Bb2 0-1

[Event "XI Weekend B"]
[Site "Porto Sant'Elpidio ITA"]
[Date "2008.11.29"]
[Round "4"]
[White "Giampieri, Stefano"]
[Black "Silvestri, Giorgio"]
[Result "0-1"]
[WhiteElo "1557"]
[BlackElo "1784"]
[PlyCount "98"]
[EventDate "2008.11.22"]

1. e4 c5 2. Nf3 Nc6 3. d4 cxd4 4. Nxd4 Nf6 5. Nc3 e5 6. Nf3 h6 7. Bc4 d6 8. h3
Be6 9. Bxe6 fxe6 10. b3 a6 11. Bb2 b5 12. a3 Qc7 13. Qd2 Qf7 14. O-O Be7 15.
Rfe1 Nh5 16. Ne2 O-O 17. Rf1 Qg6 18. Qe3 Nf4 19. Nxf4 Rxf4 20. Rfe1 Raf8 21.
Kh2 Qh5 22. Rg1 Rxf3 23. Qb6 Nd4 24. Bxd4 exd4 25. gxf3 Rxf3 26. Rg3 Rxg3 27.
fxg3 Qe2+ 28. Kg1 Bg5 29. Qxd6 Qxe4 30. h4 Be3+ 31. Kh2 Qxc2+ 32. Kh3 Qf5+ 33.
Kg2 Qc2+ 34. Kh3 Qxb3 35. Rf1 Qd5 36. Qxd5 exd5 37. Rf5 a5 38. Rxd5 b4 39. Rxa5
bxa3 40. Rxa3 Kf7 41. Kg4 Ke6 42. Ra7 Kf6 43. Kf3 h5 44. Ra5 g6 45. Ke4 Bf2 46.
Ra3 Ke6 47. Ra6+ Kf7 48. Kf4 Kg7 49. Kg5 Be3# 0-1

[Event "XI Weekend B"]
[Site "Porto Sant'Elpidio ITA"]
[Date "2008.11.29"]
[Round "4"]
[White "Marinucci, Johnny"]
[Black "Donati, Michele"]
[Result "1-0"]
[WhiteElo "1746"]
[BlackElo "1509"]
[PlyCount "41"]
[EventDate "2008.11.22"]

1. d4 d5 2. Bf4 Nf6 3. e3 c5 4. c3 Nc6 5. Nd2 e6 6. Bd3 c4 7. Bc2 Bd6 8. Bxd6
Qxd6 9. f4 O-O 10. Ngf3 Qe7 11. O-O b5 12. Qe2 b4 13. e4 bxc3 14. bxc3 Rb8 15.
a4 a5 16. e5 Nd7 17. Bxh7+ Kxh7 18. Ng5+ Kh6 19. Qg4 Qxg5 20. Qxg5+ Kh7 21. Rf3
1-0

[Event "XI Weekend B"]
[Site "Porto Sant'Elpidio ITA"]
[Date "2008.11.29"]
[Round "4"]
[White "Scibe', Michele"]
[Black "Ripa', Daniele"]
[Result "1/2-1/2"]
[WhiteElo "1485"]
[BlackElo "1731"]
[PlyCount "103"]
[EventDate "2008.11.22"]

1. e4 c5 2. Nf3 e6 3. d4 cxd4 4. Nxd4 a6 5. Be3 Qc7 6. Be2 Nc6 7. c3 b5 8. Nxc6
Qxc6 9. Nd2 Bb7 10. a3 Nf6 11. Bf3 Rc8 12. e5 Nd5 13. Bd4 Be7 14. O-O O-O 15.
Re1 Qc7 16. Rc1 Nf4 17. Qc2 d6 18. Rcd1 Rfd8 19. Bxb7 Qxb7 20. Nf3 d5 21. Qd2
Ng6 22. Qe3 Rc4 23. Nd2 Rc6 24. Nb3 Qc7 25. h3 Rc8 26. Ra1 Nh4 27. g4 a5 28.
Qg3 Ng6 29. Qe3 Nh4 30. Qg3 Bg5 31. f4 Be7 32. g5 Nf5 33. Qf2 Ra6 34. Rac1 Qc4
35. Nd2 Qd3 36. Kh2 Rac6 37. Nb3 Bd8 38. Red1 Qc4 39. Nd2 Qd3 40. Nb3 Qe4 41.
Re1 Qd3 42. Rcd1 Qc4 43. Nd2 Qa2 44. Rb1 Nxd4 45. Qxd4 Bb6 46. Qd3 d4 47. Ne4
dxc3 48. Rec1 c2 49. Ra1 Qxb2 50. Nd6 Qd4 51. Qxd4 Bxd4 52. Nxc8 1/2-1/2

[Event "XI Weekend B"]
[Site "Porto Sant'Elpidio ITA"]
[Date "2008.11.30"]
[Round "5"]
[White "Acciaioli, Fabio"]
[Black "Binci, Luca"]
[Result "1/2-1/2"]
[WhiteElo "1765"]
[BlackElo "1645"]
[PlyCount "42"]
[EventDate "2008.11.22"]

1. e4 c5 2. Nf3 d6 3. d4 cxd4 4. Nxd4 Nf6 5. Nc3 a6 6. Be2 e5 7. Nb3 Be7 8. a4
Be6 9. O-O O-O 10. f4 Qc7 11. f5 Bc4 12. Be3 Nbd7 13. a5 Rfd8 14. g4 Bxe2 15.
Qxe2 d5 16. exd5 Nc5 17. Qc4 Rac8 18. g5 Nxb3 19. Qxb3 Bc5 20. Bxc5 Qxc5+ 21.
Kh1 Nxd5 1/2-1/2

[Event "XI Weekend B"]
[Site "Porto Sant'Elpidio ITA"]
[Date "2008.11.30"]
[Round "5"]
[White "Cutrona, Giuseppe"]
[Black "Capito', Mario"]
[Result "1-0"]
[WhiteElo "1533"]
[BlackElo "1701"]
[PlyCount "43"]
[EventDate "2008.11.22"]

1. e4 c5 2. Nf3 g6 3. c3 Bg7 4. d4 b6 5. Bc4 Ba6 6. Bxa6 Nxa6 7. Qd3 Nc7 8. Bf4
Nf6 9. O-O O-O 10. Na3 d5 11. e5 Nfe8 12. Rfe1 Ne6 13. Qe3 cxd4 14. Nxd4 N8c7
15. Nac2 Qd7 16. Rad1 Nxd4 17. Nxd4 e6 18. Qh3 Qa4 19. Bh6 Rfc8 20. Bxg7 Kxg7
21. Qh4 Ne8 22. Nxe6+ 1-0

[Event "XI Weekend B"]
[Site "Porto Sant'Elpidio ITA"]
[Date "2008.11.30"]
[Round "5"]
[White "Donati, Michele"]
[Black "Balzano, Filli"]
[Result "1/2-1/2"]
[WhiteElo "1509"]
[BlackElo "1777"]
[PlyCount "143"]
[EventDate "2008.11.22"]

1. c4 c6 2. d4 d5 3. Nc3 Nf6 4. Nf3 e6 5. c5 Qc7 6. g3 Na6 7. Bf4 Qd8 8. a3 Nc7
9. b4 b6 10. a4 Be7 11. Bg2 Bb7 12. O-O O-O 13. Ne5 Nd7 14. Nxd7 Qxd7 15. a5 b5
16. Qb3 Rfe8 17. Bh3 Qd8 18. Rad1 Bf8 19. e4 f6 20. e5 f5 21. Be3 Na6 22. f4
Rc8 23. Kh1 Kh8 24. Bf2 Be7 25. Rg1 Rb8 26. Bf1 Rf8 27. Be2 Rc8 28. Rg2 Rg8 29.
Rdg1 Qd7 30. Na2 Rce8 31. Qf3 Bd8 32. g4 g6 33. gxf5 gxf5 34. Rxg8+ Rxg8 35.
Rxg8+ Kxg8 36. Qg3+ Qg7 37. Qxg7+ Kxg7 38. Kg2 Bc8 39. h4 Bd7 40. Kh3 Be8 41.
Be1 Bf7 42. Nc3 Kh6 43. Nd1 Nc7 44. Ne3 Ne8 45. Nf1 Ng7 46. Ng3 Nh5 47. Nxh5
Bxh5 48. Bxh5 Kxh5 49. Bf2 a6 50. Be1 Kg6 51. Bf2 h6 52. Be1 Kh7 53. Bf2 Kg7
54. Be1 Bc7 55. Bf2 Kg6 56. Be1 h5 57. Bf2 Kh6 58. Be1 Bd8 59. Bf2 Be7 60. Be1
Bf8 61. Bf2 Kg6 62. Be1 Bh6 63. Bg3 Kf7 64. Kg2 Bf8 65. Kh3 Be7 66. Kg2 Kg6 67.
Kh3 Bf8 68. Kg2 Kf7 69. Kh3 Ke7 70. Kg2 Kd7 71. Kh3 Be7 72. Kg2 1/2-1/2

[Event "XI Weekend B"]
[Site "Porto Sant'Elpidio ITA"]
[Date "2008.11.30"]
[Round "5"]
[White "Marinucci, Johnny"]
[Black "Gasparroni, Riccardo"]
[Result "1-0"]
[WhiteElo "1746"]
[BlackElo "1663"]
[PlyCount "79"]
[EventDate "2008.11.22"]

1. d4 Nf6 2. Bf4 g6 3. e3 Bg7 4. Nf3 d6 5. h3 O-O 6. Be2 Nbd7 7. O-O c5 8. c3
b6 9. a4 Bb7 10. Na3 Nd5 11. Bg3 N7f6 12. a5 Ne4 13. Bh2 cxd4 14. a6 Bc6 15.
Nxd4 Bxd4 16. Qxd4 f5 17. Bc4 Nef6 18. Ba2 e5 19. Qc4 Rc8 20. Qd3 Kg7 21. Rad1
Rc7 22. Bc4 Qa8 23. Bb5 Rd7 24. f3 Nc7 25. Qc4 Nxb5 26. Nxb5 Bd5 27. Qb4 Qc6
28. b3 Rfd8 29. c4 Be6 30. Qc3 Rc8 31. Qb2 Qc5 32. Kh1 Rf8 33. Rf2 Qxe3 34.
Rfd2 Rfd8 35. Bg1 Qg5 36. Rxd6 Rxd6 37. Rxd6 Rd7 38. Rxd7+ Nxd7 39. Nxa7 f4 40.
Nc6 1-0

[Event "XI Weekend B"]
[Site "Porto Sant'Elpidio ITA"]
[Date "2008.11.30"]
[Round "5"]
[White "Morelli, Basilio"]
[Black "Scibe', Michele"]
[Result "1/2-1/2"]
[WhiteElo "1572"]
[BlackElo "1485"]
[PlyCount "103"]
[EventDate "2008.11.22"]

1. d4 d5 2. c4 e6 3. Nc3 dxc4 4. e4 Bb4 5. Bxc4 Nf6 6. Qd3 Nc6 7. Nge2 h6 8. a3
Ba5 9. e5 Nd5 10. O-O Nxc3 11. bxc3 a6 12. Rd1 O-O 13. Qg3 Kh8 14. Be3 Ne7 15.
Qh3 Nf5 16. Bf4 Qh4 17. Qxh4 Nxh4 18. Rd3 Nf5 19. Rh3 Rd8 20. g4 Ne7 21. g5 h5
22. Rxh5+ Kg8 23. Rd1 b5 24. Bd3 g6 25. Rh3 Nd5 26. Bd2 Bb7 27. Rc1 Rac8 28.
Ng3 c5 29. Nf1 cxd4 30. c4 Bxd2 31. Nxd2 Nf4 32. Rg3 bxc4 33. Rxc4 Bd5 34. Rxc8
Rxc8 35. Bxa6 Rc2 36. Nf1 Bc4 37. Bxc4 Rxc4 38. Rb3 d3 39. h4 Rc2 40. Rb8+ Kg7
41. Rd8 Nh3+ 42. Kg2 Nxf2 43. Kf3 Nd1 44. Ke4 Rf2 45. Ne3 Nb2 46. Ng4 Re2+ 47.
Kf3 f5 48. exf6+ Kh7 49. Rxd3 Rc2 50. Rd7+ Kg8 51. Nh6+ Kh8 52. Rd8+ 1/2-1/2

[Event "XI Weekend B"]
[Site "Porto Sant'Elpidio ITA"]
[Date "2008.11.30"]
[Round "5"]
[White "Ripa', Daniele"]
[Black "Giampieri, Stefano"]
[Result "1-0"]
[WhiteElo "1731"]
[BlackElo "1557"]
[PlyCount "85"]
[EventDate "2008.11.22"]

1. e4 e5 2. Nf3 Nc6 3. Bb5 Nf6 4. O-O a6 5. Ba4 b5 6. Bb3 Bc5 7. c3 Qe7 8. d4
exd4 9. cxd4 Bb6 10. e5 Ng8 11. d5 Na5 12. d6 Qf8 13. Bd5 Bb7 14. Bxb7 Nxb7 15.
dxc7 Bxc7 16. Nc3 Ne7 17. Nd5 O-O-O 18. Bg5 f6 19. exf6 Nxd5 20. Qxd5 gxf6 21.
Bh4 Rg8 22. Rac1 Kb8 23. Rc3 Qg7 24. Bg3 Bxg3 25. fxg3 Rc8 26. Rfc1 Rxc3 27.
Rxc3 Rc8 28. Rxc8+ Kxc8 29. b4 Qe7 30. h4 Qxb4 31. Qg8+ Kc7 32. Qxh7 Qc5+ 33.
Kh2 Qf2 34. Qg8 Nd6 35. h5 Nc4 36. h6 Ne3 37. Nh4 f5 38. h7 f4 39. h8=Q f3 40.
Qb8+ Kc6 41. Qf6+ Kc5 42. Qbb6+ Kc4 43. Qfd4# 1-0

[Event "XI Weekend B"]
[Site "Porto Sant'Elpidio ITA"]
[Date "2008.11.30"]
[Round "5"]
[White "Silvestri, Giorgio"]
[Black "Miandro, Steven"]
[Result "0-1"]
[WhiteElo "1784"]
[BlackElo "1605"]
[PlyCount "66"]
[EventDate "2008.11.22"]

1. d4 Nf6 2. c4 g6 3. Nc3 Bg7 4. e4 d6 5. f3 O-O 6. Be3 e5 7. Qd2 c6 8. O-O-O
Nbd7 9. g4 a6 10. d5 cxd5 11. Nxd5 Ne8 12. g5 b5 13. c5 dxc5 14. Bxc5 Nxc5 15.
Nf6+ Bxf6 16. Qxd8 Bxd8 17. Rxd8 Bb7 18. Rxa8 Bxa8 19. b4 Nxe4 20. Nh3 N4d6 21.
Be2 Nf5 22. Rd1 Nd4 23. Kd2 Nxf3+ 24. Bxf3 Bxf3 25. Rc1 Ng7 26. Ke3 Ba8 27. Rc7
Nf5+ 28. Kf2 e4 29. Nf4 e3+ 30. Ke1 Rd8 31. Ra7 Bf3 32. Ne2 Bxe2 33. Kxe2 Rd2+
0-1

[Event "XI Weekend B"]
[Site "Porto Sant'Elpidio ITA"]
[Date "2008.11.30"]
[Round "6"]
[White "Balzano, Filli"]
[Black "Morelli, Basilio"]
[Result "1/2-1/2"]
[WhiteElo "1777"]
[BlackElo "1572"]
[PlyCount "144"]
[EventDate "2008.11.22"]

1. e4 c5 2. Nf3 Nc6 3. d4 cxd4 4. Nxd4 e5 5. Nb3 Nf6 6. Nc3 Bb4 7. Bg5 h6 8.
Bxf6 Qxf6 9. Qd2 Bxc3 10. Qxc3 d6 11. Bb5 Bd7 12. Na5 a6 13. Bxc6 bxc6 14. Qb3
O-O 15. Qb7 Qe6 16. Qb3 Qxb3 17. Nxb3 a5 18. Rd1 a4 19. Nc1 f6 20. Rxd6 Rf7 21.
O-O Ra7 22. Rfd1 Rc7 23. Ne2 c5 24. Nc3 Bc6 25. Rd8+ Kh7 26. f3 Rfd7 27. R1xd7
Rxd7 28. Rxd7 Bxd7 29. Kf2 Kg6 30. Nd5 Kf7 31. Ke3 Ke6 32. Kd3 Kd6 33. Nb6 Be8
34. Nc4+ Ke6 35. Ne3 g6 36. Kc4 Kd6 37. Ng4 Bf7+ 38. Kb5 Bxa2 39. Kxa4 f5 40.
exf5 gxf5 41. Nxh6 Ke6 42. g4 fxg4 43. Nxg4 Bd5 44. Kb5 Bxf3 45. Ne3 Kd6 46.
Nc4+ Kd5 47. Nb6+ Kd6 48. Nc4+ Kd5 49. Ne3+ Ke4 50. Nf1 Be2+ 51. Kxc5 Bxf1 52.
b4 Kf3 53. h4 e4 54. h5 e3 55. h6 e2 56. h7 e1=Q 57. h8=Q Qe3+ 58. Qd4 Qe7+ 59.
Qd6 Qe3+ 60. Kc6 Qe8+ 61. Kc7 Qf7+ 62. Kb6 Qc4 63. Qc6+ Ke3 64. Qxc4 Bxc4 65.
Kc5 Be2 66. c4 Bf3 67. b5 Kd3 68. b6 Bb7 69. Kb4 Bc6 70. Kc5 Bb7 71. Kb5 Kd4
72. Kb4 Bc6 1/2-1/2

[Event "XI Weekend B"]
[Site "Porto Sant'Elpidio ITA"]
[Date "2008.11.30"]
[Round "6"]
[White "Binci, Luca"]
[Black "Marinucci, Johnny"]
[Result "1/2-1/2"]
[WhiteElo "1645"]
[BlackElo "1746"]
[PlyCount "114"]
[EventDate "2008.11.22"]

1. d4 Nf6 2. c4 c6 3. Nc3 d5 4. Nf3 Bf5 5. Bg5 Nbd7 6. Qb3 Qb6 7. Qxb6 axb6 8.
cxd5 Nxd5 9. Nxd5 cxd5 10. Rc1 h6 11. Bh4 e6 12. a3 Bd6 13. e3 O-O 14. Bb5 Nf6
15. Bg3 Bxg3 16. hxg3 Rfc8 17. O-O Kf8 18. Ne5 Ke7 19. f3 Bc2 20. Rf2 Bb3 21.
Rff1 Bc2 22. Rf2 Bb3 23. Rff1 Bc2 24. Bd3 Bxd3 25. Nxd3 Nd7 26. Nb4 b5 27. e4
dxe4 28. fxe4 Rc4 29. Rxc4 bxc4 30. Rc1 b5 31. Kf2 Kd6 32. Na2 Nb6 33. Ke3 Na4
34. Rc2 Ra7 35. g4 Rc7 36. g3 Ke7 37. e5 Kd7 38. Ke4 Nb6 39. Nb4 Ke7 40. Rc1
Ke8 41. Rc2 Rd7 42. Rc3 Nd5 43. Nxd5 Rxd5 44. b3 cxb3 45. Rxb3 Kd7 46. Rc3 Kd8
47. Rc2 Rd7 48. Rb2 Rb7 49. a4 b4 50. Kd3 Kc7 51. Kc4 b3 52. Rxb3 Ra7 53. Rb4
Kc6 54. Kd3 Ra5 55. Kc4 Ra8 56. Kd3 Ra5 57. Kc4 Ra8 1/2-1/2

[Event "XI Weekend B"]
[Site "Porto Sant'Elpidio ITA"]
[Date "2008.11.30"]
[Round "6"]
[White "Gasparroni, Riccardo"]
[Black "Cutrona, Giuseppe"]
[Result "0-1"]
[WhiteElo "1663"]
[BlackElo "1533"]
[PlyCount "40"]
[EventDate "2008.11.22"]

1. e4 c5 2. Nf3 Nc6 3. d4 cxd4 4. Nxd4 e5 5. Nxc6 bxc6 6. Nc3 Nf6 7. Bg5 Be7 8.
Bxf6 Bxf6 9. Bc4 Qc7 10. O-O O-O 11. Qd2 d6 12. Rad1 Be7 13. f4 exf4 14. Qxf4
Be6 15. Bxe6 fxe6 16. Qg4 Qd7 17. e5 d5 18. Ne4 Rxf1+ 19. Kxf1 Rf8+ 20. Kg1
dxe4 0-1